00437cam a2200169ua 45000010005000000080039000050200018000440400009000620820008000711000026000792450047001052500009001522600039001613000021002006530014002216530032002352111110804n ii |||gr||||Z||||||eng a81-7020-573-5 cMAIN a370 aMohanty, J.,eAuthor.1 aCurrent issues in educationcby J. Mohanty a1st. aNew Delhi:bCosmo publication,992. avi; 349p:c23cm. aEducation aCurrent issues in education